Welcome to the Holygrace Academy Library

Please use search bar below to get started

INFORMATION TECHNOLOGY (Record no. 566)

MARC details
000 -LEADER
fixed length control field 00317nam a22001337a 4500
020 ## - INTERNATIONAL STANDARD BOOK NUMBER
ISBN 978-93-5014-741-2
082 ## - DEWEY DECIMAL CLASSIFICATION NUMBER
Classification number 004
Item number SAX/1
100 ## - MAIN ENTRY--AUTHOR NAME
Personal name PREETI SAXENA
245 ## - TITLE STATEMENT
Title INFORMATION TECHNOLOGY
Remainder of title CLASS XI
260 ## - PUBLICATION, DISTRIBUTION, ETC. (IMPRINT)
Place of publication DELHI
Name of publisher S.K.KATARIA & SONS
Year of publication 2022
300 ## - PHYSICAL DESCRIPTION
Number of Pages 562
650 ## - SUBJECT ADDED ENTRY--TOPICAL TERM
Topical Term IT FOR CLASS XI
Geographic subdivision INDIA
942 ## - ADDED ENTRY ELEMENTS (KOHA)
Koha item type Books
Holdings
Withdrawn status Lost status Collection code Home library Current library Shelving location Date acquired Source of acquisition Cost, normal purchase price Full call number Accession Number Koha item type
    Reference Main Library Main Library   23/08/2022 purchase 595.00 004 SAX/1 12454 Books